000 01027nam a2200277Ia 4500
003 GCL
005 20240530103135.0
008 140319s9999 xx 000 0 ara d
020 _a3072505977
040 _aGCL /
_cGCL
082 0 4 _aق
_b932.094
_bا ت
100 1 _aابراهيم نصحى
245 1 0 _aتاريخ مصر فى عصر البطالمة /
_cابراهيم نصحى
250 _aالسابعة
260 _aالقاهرة :
_bمكتبة الانجلوالمصرية ،
_c1998
300 _a4 مج:
_bايض ؛
_c24 سم
650 0 4 _aحكم الاغريق
650 0 4 _aكليوباترا
650 0 4 _aالعصر الهلينى
650 0 4 _aمصر القديمة - تاريخ - العصر الفارسى
650 0 4 _aمصر القديمة - تاريخ - عصر البطالمة
650 0 4 _aمصر القديمة - تاريخ
650 0 4 _aمصر القديمة - تاريخ - العصر البطلمى
650 0 4 _aمصر - تاريخ - الفتح المقدونى
942 _2ddc
_cBK
999 _c37119
_d37119